[Event "11' Torneo Morrovalle"]
[Site "?"]
[Date "2023.08.13"]
[Round "6"]
[White "Borgiani, Flavio"]
[Black "Madiai, Federico"]
[Result "0-1"]
[WhiteElo "2068"]
[BlackElo "2152"]
[PlyCount "100"]
[EventDate "2023.??.??"]
[SourceDate "2023.08.14"]

1. Nf3 d5 2. d4 Nf6 3. c4 e6 4. cxd5 exd5 5. Nc3 c6 6. Bg5 Be7 7. Qc2 O-O 8. e3
Re8 9. Bd3 h6 10. Bf4 Nbd7 11. O-O Nh5 12. Nxd5 Nxf4 13. Bh7+ Kf8 14. Nxf4 Bd6
15. Bd3 Nf6 16. Bf5 Bxf4 17. exf4 Qd5 18. Bxc8 Raxc8 19. Qc5+ Qxc5 20. dxc5 Re2
21. g3 Rxb2 22. Rfb1 Rxb1+ 23. Rxb1 Rc7 24. Nd4 Rd7 25. Nb3 Ne4 26. Kg2 Ke8 27.
Rb2 Kd8 28. f3 Nc3 29. Na5 Kc8 30. Rc2 Nd5 31. Kf2 Nb4 32. Rc4 Rd2+ 33. Kg1
Nxa2 34. Nb3 Rb2 35. Na5 Rb5 36. Ra4 Nc3 37. Rc4 Nd5 38. Ra4 Rxc5 39. Nb3 Rb5
40. Nd2 a5 41. Ne4 Kc7 42. Ra2 c5 43. Nf2 Rb1+ 44. Kg2 b6 45. Nd3 Nb4 46. Nxb4
Rxb4 47. Kf2 a4 48. Ke3 b5 49. g4 Rb3+ 50. Kf2 a3 0-1